000 01264cam a2200325 4500
001 X113248
008 000000n2001 000 0 eng u
035 _a(Sirsi) u113248
100 _aBouvrie, K.
245 _a3D CAD systems and cost engineering
260 _c2001
490 _aCost Engineer
_v39(5) May 2001, 18-21(4)
520 _aDemonstrates how the electronic delivery of life cycle cost data in an industry standard neutral format (STEP) and use of a product data model (PDM) can enable faster and more accurate bidding, improved design quality, better cost information, distributed execution, improved efficiency, supply chain integration, and improve the usability of the data supplied to clients on completion of the project. Graph.
650 _a3D CAD MODELLING SYSTEMS
650 _a3D COMPUTER MODELLING TECHNIQUES
650 _aCAD
650 _aCAD MODELLING SYSTEMS
650 _aCOST ENGINEERING
650 _aCOST INFORMATION
650 _aCOST MODELLING
650 _aDATA STANDARDS
650 _aDATA TRANSFER
650 _aEFFICIENCY
650 _aLIFE CYCLE COSTING
650 _aSTEP
650 _aSUPPLY CHAIN MANAGEMENT
650 _aTENDERING
690 _aBUILT ENVIRONMENT-BUILDING COSTS
942 _n0
999 _c67452
_d67452